| 000 | 01015nam a22003257a 4500 | ||
|---|---|---|---|
| 001 | 000438 | ||
| 003 | DO-SdBNP | ||
| 005 | 20240704111113.0 | ||
| 007 | 000438 | ||
| 008 | 160829b 1998 sp ||||| |||| 00| 0 spa d | ||
| 020 | _a8439702043 | ||
| 040 |
_aBPMSU _bspa _cBPMSU |
||
| 082 | 4 |
_a811.5 _bB932v 1998 _222 |
|
| 100 | 1 |
_aBukowski, Charles, _d1920-1994. |
|
| 245 | 1 | 0 |
_a20 poemas / _cCharles Bukowski ; traducción de Cecilia Ceriani y Txaro Santoro ; selección de Víctor M. Lacarta. |
| 246 | 1 | 3 | _aVeinte poemas. |
| 260 |
_aMadrid : _bMondadori, _c1998. |
||
| 300 |
_a67 p. ; _c16 cm. |
||
| 490 | 0 |
_aMitos poesía , _v3 |
|
| 500 | _aIncluye datos del autor | ||
| 590 | _aInventariado, 2024/VM | ||
| 650 | 4 | _aPoesía estadounidense | |
| 650 | 4 |
_aMuerte _vPoesías |
|
| 650 | 4 |
_aSueño _vPoesías |
|
| 700 | 1 |
_aCeriani, Cecilia, _etraductor |
|
| 700 | 1 |
_aSantoro, Txaro, _etraductor |
|
| 700 | 1 | _aLacarta, Víctor M. | |
| 910 | _aVMateo V. Control de calidad. BPMS | ||
| 942 |
_2ddc _cBK |
||
| 999 |
_c11203 _d11203 |
||